000 00452nam a2200181Ia 4500
001 21301
005 20260306172909.0
008 260306t2017||||xx |||||||||||||| ||spa||
041 _aESP
082 _a344.525
_bL21
100 _aLamas Puccio, Luis
_eAUT
245 0 _aLa prueba indiciaria en el delito de lavado de activos
260 _c2017
300 _a286 páginas :
_c25 cm.
650 _aGEN
654 _aCDE
942 _cLIB
_dJUS
_fJUS
_2ddc
_n
999 _c21301
_d21301